| 000 | 00000nam##2200000za#4500 |
| 001 | 9.643301 |
| 003 | CaOODSP |
| 005 | 20210624224114 |
| 007 | cr ||||||||||| |
| 008 | 150407|2009||||xxc|||||o f|0| 0 fre|d |
| 040 | |aCaOODSP|bfre |
| 043 | |an-cn--- |
| 086 | 1 |aPS78-4/2008F-PDF |
| 110 | 1 |aCanada.|bCommission des plaintes du public contre la GRC. |
| 245 | 10|aExamen du bilan des plaintes du public de la GRC, 2008 : |h[ressource électronique]|bcomprenant les recommandations à mettre en oeuvre |
| 260 | |bCommission des plaintes du public contre la GRC |c2009. |
| 300 | |a227p.|bfigures en couleur, tableaux |
| 500 | |a«Rapport spécial, décembre 2009». |
| 590 | |a14-10-Supp|b2014-05-08 |
| 691 | 07|aService de police|2gcpds |
| 775 | 08|tReview of the RCMP's public complaint records, 2008 : |w(CaOODSP)9.699314 |
| 856 | 40|ahttp://publications.gc.ca|qPDF|s1727 KB|uhttps://publications.gc.ca/collections/collection_2014/cpp-cpc/PS78-4-2008-fra.pdf |